| 000 | 01352nam a2200337 i 4500 | ||
|---|---|---|---|
| 001 | 000021937 | ||
| 003 | DO-SdBNP | ||
| 005 | 20260216122027.0 | ||
| 007 | ta | ||
| 008 | 100915e2004 dr gr 001 edspa d | ||
| 020 | _a9993430544 | ||
| 040 |
_aDO-SdBNP _bspa _cBNPHU _erda |
||
| 041 | _aspa | ||
| 082 | 4 |
_a972.93 _bC352a _222 |
|
| 100 | 1 |
_aCastillo, José del, _d1947- _92145 _eautor _4aut. |
|
| 245 | 1 | 0 |
_aAgenda de fin de siglo / _cJosé del Castillo. |
| 264 | 4 |
_aSanto Domingo : _bBanco Central de la República Dominicana, _c©2004 |
|
| 300 |
_axvi, 562 páginas ; _c23 cm. |
||
| 336 |
_atexto _btxt _2rdacontent |
||
| 337 |
_asin mediación _bn _2rdamedia |
||
| 338 |
_avolumen _bnc _2rdacarrier |
||
| 490 | 1 |
_aColección del Banco Central de la República Dominicana _v68 _aCiencias sociales ; _v12 |
|
| 500 | _aIncluye datos biográficos del autor en las solapas de las cubiertas. | ||
| 500 | _aArtículos publicados previamente en la revista Rumbo entre 1994 y 1999, El Siglo y Hoy. | ||
| 590 | _aInventariado 2024 / MF | ||
| 651 | 7 |
_aRepública Dominicana _xVida social y costumbres _9405 _2LIBRUNAM |
|
| 651 | 7 |
_aRepública Dominicana _xHistoria _2LIBRUNAM |
|
| 830 | 0 |
_aColección del Banco Central de la República Dominicana _n68 _945520 _pCiencias sociales _v12 |
|
| 910 | _aValidado. Control de calidad MFF | ||
| 942 |
_2ddc _cLBS1 |
||
| 999 |
_c21435 _d21435 |
||